000 00397nam a22001577a 4500
005 20180604115658.0
008 160622b xxu||||| |||| 00| 0 eng d
041 _aeng
082 _b9001
_a519.72
100 _aChakravorty & Ghosh
_94329
245 _aLinear Programming and Game Theory
260 _bMoulic Library
_c1979
300 _a503
650 _ainformation Technology
_9137
942 _cBK
999 _c3553
_d3552